| 000 | 00445nam a2200169Ia 4500 | ||
|---|---|---|---|
| 003 | GCL | ||
| 008 | 140319s9999 xx 000 0 eng d | ||
| 040 |
_aGCL / _cGCL |
||
| 082 | 0 | 4 |
_a628.420681 _bS H |
| 100 | 1 | _aSEIG, RICHARD A | |
| 245 | 1 | 0 |
_aHAZARDOUS WASTES COST CONTROL / _cSEIG, RICHARD A |
| 260 |
_a[S.N] : _bMARCEL DEKKER, INC ، _c1993 |
||
| 300 | _a276 P | ||
| 650 | 0 | 4 | _aHAZARDOUS WASTES |
| 650 | 0 | 4 | _aCOST CONTROL |
| 942 |
_2ddc _cBK |
||
| 999 |
_c16964 _d16964 |
||